| 000 | 01822nam2a2200241 4500 | ||
|---|---|---|---|
| 001 | RU\NLR\BIBL_A\010830171 | ||
| 005 | 20250614103535.0 | ||
| 010 |
_a978-5-7422-4853-8 _bч. 2 |
||
| 021 |
_aRU _b2015-51544 _93048 |
||
| 035 | _a(NLR Aleph) 010830171 | ||
| 090 |
_a10284483 _c10284483 |
||
| 100 | _a20150908d2015 |||y0rusy50 ca | ||
| 101 | 0 |
_arus _aeng _deng |
|
| 102 | _aRU | ||
| 105 | _aa z 100yy | ||
| 200 | 0 | _aЧ. 2 | |
| 210 |
_d2015 _aБ. м. |
||
| 215 |
_a421 с. _cил. |
||
| 461 | 0 |
_1001RU\NLR\BIBL_A\010854447 _12001#$aМатериалы Научно-практической конференции, 1-6 декабря 2014 года, [проходившей в рамках форума]$fМ-во образования и науки Рос. Федерации, С.-Петерб. гос. политехн. ун-т, Инженер.-экон. ин-т, "Науч. форум с междунар. участием "Неделя науки СПбГУ"$vЧ. 2 _910389557 _aСанкт-Петербургский государственный политехнический университет. Инженерно-экономический институт (2014) _cСанкт-Петербург _d2015 _fМ-во образования и науки Рос. Федерации, С.-Петерб. гос. политехн. ун-т, Инженер.-экон. ин-т, "Науч. форум с междунар. участием "Неделя науки СПбГУ" _nИзд-во Политехнического университета _tМатериалы Научно-практической конференции, 1-6 декабря 2014 года, [проходившей в рамках форума] _y9785742248514 _vЧ. 2 |
|
| 942 | _cBOOK | ||
| 980 | _aNB | ||